[Event "SVK-chT2A 1920"]
[Site "Slovakia"]
[Date "2019.11.16"]
[Round "3.8"]
[White "Sosovickova, Jana"]
[Black "Markuliak, Mario"]
[Result "1/2-1/2"]
[WhiteElo "1716"]
[BlackElo "1851"]
[PlyCount "35"]
[EventDate "2019.10.26"]
[EventType "team-tourn"]
[EventRounds "11"]
[EventCountry "SVK"]
[SourceTitle "CBM 193 Extra"]
[Source "ChessBase"]
[SourceDate "2020.01.31"]
[SourceVersion "1"]
[SourceVersionDate "2020.01.31"]
[SourceQuality "1"]
[WhiteTeam "Skalica"]
[BlackTeam "Cifer"]
[WhiteTeamCountry "SVK"]
[BlackTeamCountry "SVK"]

1. d4 d6 2. e4 Nd7 3. Nf3 e5 4. dxe5 Nxe5 5. Nxe5 dxe5 6. Qxd8+ Kxd8 7. Bc4 f6 8. Be3 c6 9. Nc3 Bb4 10. 0-0-0+ Kc7 11. Rd3 f5 12. exf5 Bxf5 13. Rdd1 Bxc3 14. bxc3 Nf6 15. a3 Rhd8 16. Rhe1 Rxd1+ 17. Rxd1 b6 18. f3 1/2-1/2

[Event "SVK-chT3A2 1819"]
[Site "Slovakia"]
[Date "2018.11.04"]
[Round "3.5"]
[White "Markuliak, Mario"]
[Black "Harasta, Marian"]
[Result "1/2-1/2"]
[WhiteElo "1845"]
[BlackElo "1657"]
[PlyCount "53"]
[EventDate "2018.10.07"]
[EventType "team-tourn"]
[EventRounds "11"]
[EventCountry "SVK"]
[SourceTitle "EXT 2020"]
[Source "ChessBase"]
[SourceDate "2019.10.17"]
[SourceVersion "1"]
[SourceVersionDate "2019.10.17"]
[SourceQuality "1"]
[WhiteTeam "Cifer"]
[BlackTeam "Skalica II"]
[WhiteTeamCountry "SVK"]
[BlackTeamCountry "SVK"]

1. e4 c5 2. c4 Nc6 3. Nf3 e5 4. Nc3 Nf6 5. d3 d6 6. Be2 Be6 7. Bg5 Be7 8. 0-0 h6 9. Bh4 Nd4 10. Nxd4 cxd4 11. Bxf6 Bxf6 12. Nd5 Bxd5 13. exd5 0-0 14. f4 Re8 15. f5 Bg5 16. Bf3 Be3+ 17. Kh1 Qg5 18. Be4 f6 19. Rf3 Bf4 20. g3 Be3 21. h4 Qg4 22. Kh2 Qh5 23. Qb3 b6 24. Qa3 Red8 25. b4 a5 26. Kh3 Bd2 27. b5 1/2-1/2

[Event "SVK-chT3A2 1718"]
[Site "Slovakia"]
[Date "2017.12.17"]
[Round "6.4"]
[White "Viczencz, Peter"]
[Black "Markuliak, Mario"]
[Result "1-0"]
[WhiteElo "1762"]
[BlackElo "1883"]
[PlyCount "59"]
[EventDate "2017.10.08"]
[EventType "team-tourn"]
[EventRounds "11"]
[EventCountry "SVK"]
[SourceTitle "EXT 2020"]
[Source "ChessBase"]
[SourceDate "2019.10.17"]
[SourceVersion "1"]
[SourceVersionDate "2019.10.17"]
[SourceQuality "1"]
[WhiteTeam "Dunajska Streda II"]
[BlackTeam "Cifer"]
[WhiteTeamCountry "SVK"]
[BlackTeamCountry "SVK"]

1. e4 d6 2. d4 Nd7 3. Nc3 e5 4. Nf3 Be7 5. Bc4 Ngf6 6. 0-0 0-0 7. h3 c6 8. Be3 Qc7 9. Qe2 b5 10. Bd3 Bb7 11. a3 Rfe8 12. Rfd1 a5 13. b4 axb4 14. axb4 d5 15. exd5 Bxb4 16. Rxa8 Rxa8 17. dxc6 Bxc3 18. cxb7 Qxb7 19. Bxb5 exd4 20. Bxd4 Bxd4 21. Nxd4 Qb6 22. c4 Nc5 23. Nc6 Nce4 24. Rd4 Qc7 25. Qd1 Qf4 26. Rd8+ Ne8 27. Rxa8 Qxf2+ 28. Kh1 Ng3+ 29. Kh2 Nf1+ 30. Qxf1 1-0

[Event "SVK-chT3A2 1516"]
[Site "Slovakia"]
[Date "2016.02.21"]
[Round "8.3"]
[White "Matis, Tibor"]
[Black "Markuliak, Mario"]
[Result "1/2-1/2"]
[WhiteElo "1717"]
[BlackElo "1833"]
[PlyCount "88"]
[EventDate "2015.10.11"]
[EventType "team-tourn"]
[EventRounds "11"]
[EventCountry "SVK"]
[SourceTitle "EXT 2020"]
[Source "ChessBase"]
[SourceDate "2019.10.17"]
[SourceVersion "1"]
[SourceVersionDate "2019.10.17"]
[SourceQuality "1"]
[WhiteTeam "Dunajska Streda II"]
[BlackTeam "Cifer"]
[WhiteTeamCountry "SVK"]
[BlackTeamCountry "SVK"]

1. e4 e5 2. Nf3 Nc6 3. d4 exd4 4. Nxd4 Bc5 5. Be3 Qf6 6. c3 Nxd4 7. Bxd4 Bxd4 8. cxd4 d6 9. Nc3 Bd7 10. Rc1 Ne7 11. Bb5 c6 12. Bc4 0-0 13. 0-0 Be6 14. d5 cxd5 15. Bxd5 Nxd5 16. exd5 Bf5 17. Qd2 Qg6 18. Ne2 Rac8 19. Rfe1 Rxc1 20. Rxc1 Rc8 21. Rxc8+ Bxc8 22. Qe3 Kf8 23. Qc3 Bh3 24. Ng3 Qb1+ 25. Nf1 Bd7 26. Qc7 Ke7 27. Qxb7 Qxa2 28. h3 Qa1 29. g3 Qa4 30. Ne3 Kf6 31. Qc7 Ke7 32. h4 g6 33. Kh2 Qd4 34. b3 Qb2 35. Kg2 Qd4 36. b4 Qe4+ 37. Kg1 a6 38. Qb7 Qb1+ 39. Kg2 Qe4+ 40. Kh2 Qf3 41. Kg1 Qe2 42. Kg2 Qb5 43. Qa7 Qd3 44. Qb7 Qb5 1/2-1/2

[Event "SVK-chT3A2 1516"]
[Site "Slovakia"]
[Date "2015.12.20"]
[Round "5.3"]
[White "Horecky, Peter"]
[Black "Markuliak, Mario"]
[Result "1/2-1/2"]
[WhiteElo "2026"]
[BlackElo "1833"]
[PlyCount "98"]
[EventDate "2015.10.11"]
[EventType "team-tourn"]
[EventRounds "11"]
[EventCountry "SVK"]
[SourceTitle "EXT 2020"]
[Source "ChessBase"]
[SourceDate "2019.10.17"]
[SourceVersion "1"]
[SourceVersionDate "2019.10.17"]
[SourceQuality "1"]
[WhiteTeam "Sered MSK"]
[BlackTeam "Cifer"]
[WhiteTeamCountry "SVK"]
[BlackTeamCountry "SVK"]

1. d4 d6 2. g3 e5 3. dxe5 dxe5 4. Qxd8+ Kxd8 5. Nf3 f6 6. Nbd2 Be6 7. Bg2 c6 8. b3 Kc7 9. Bb2 Nd7 10. 0-0-0 Bc5 11. Ne4 Bb6 12. h3 Ne7 13. Ba3 Nc8 14. g4 a5 15. c4 a4 16. Bb2 Nc5 17. Nxc5 Bxc5 18. e3 Nd6 19. Nd2 b5 20. cxb5 Nxb5 21. Ne4 Be7 22. Rd3 axb3 23. axb3 Ra2 24. Nc3 Ra5 25. Nxb5+ Rxb5 26. Rc3 Rc5 27. Rxc5 Bxc5 28. Kd2 Bxb3 29. Rc1 Bb4+ 30. Ke2 Ba4 31. Bc3 Bb5+ 32. Ke1 Bxc3+ 33. Rxc3 Ra8 34. Rc2 Kb6 35. Be4 h6 36. Kd2 Ra3 37. Rc3 Ra2+ 38. Rc2 Rxc2+ 39. Kxc2 g5 40. Bg2 Bc4 41. Kc3 Bd5 42. e4 Ba2 43. Kb2 Bc4 44. Kc3 Kc5 45. Bf3 Bf1 46. Bd1 Bxh3 47. Be2 Bg2 48. f3 Bh3 49. Bd3 Bg2 1/2-1/2

[Event "SVK-chT4 A22 1415"]
[Site "Slovakia"]
[Date "2015.03.15"]
[Round "11.4"]
[White "Markuliak, Mario"]
[Black "Czikhardt, Tibor"]
[Result "1-0"]
[WhiteElo "1811"]
[BlackElo "1964"]
[PlyCount "51"]
[EventDate "2014.10.12"]
[EventType "team-tourn"]
[EventRounds "11"]
[EventCountry "SVK"]
[SourceTitle "EXT 2019"]
[Source "ChessBase"]
[SourceDate "2018.10.10"]
[SourceVersion "1"]
[SourceVersionDate "2018.10.10"]
[SourceQuality "1"]

1. e4 e5 2. Nf3 d6 3. d4 Nc6 4. Bb5 Bd7 5. 0-0 Nf6 6. Re1 a6 7. Bc4 Be7 8. Nc3 0-0 9. Bg5 h6 10. Bh4 b5 11. Bb3 exd4 12. Nxd4 Nxd4 13. Qxd4 Ng4 14. Bxe7 Qxe7 15. Nd5 Qd8 16. c4 c5 17. Qd2 Qh4 18. h3 Ne5 19. Nb6 Rad8 20. Qxd6 bxc4 21. Nxc4 Nxc4 22. Bxc4 Bxh3 23. Qxc5 Qg4 24. Bf1 Rb8 25. Kh2 Qf4+ 26. Kxh3 1-0

[Event "SVK-chT3A2 1415"]
[Site "Slovakia"]
[Date "2014.10.19"]
[Round "1.4"]
[White "Nemsak, Denis"]
[Black "Markuliak, Mario"]
[Result "1-0"]
[WhiteElo "1957"]
[BlackElo "1811"]
[PlyCount "75"]
[EventDate "2014.10.19"]
[EventType "team-tourn"]
[EventRounds "11"]
[EventCountry "SVK"]
[SourceTitle "EXT 2019"]
[Source "ChessBase"]
[SourceDate "2018.10.10"]
[SourceVersion "1"]
[SourceVersionDate "2018.10.10"]
[SourceQuality "1"]

1. c4 c5 2. Nc3 Nc6 3. g3 g6 4. Bg2 Bg7 5. d3 Nf6 6. e4 0-0 7. Nge2 a6 8. 0-0 Rb8 9. Be3 d6 10. h3 b5 11. Qd2 b4 12. Nd5 e6 13. Nxf6+ Qxf6 14. b3 Qb2 15. Qxb2 Bxb2 16. Rad1 Nd4 17. Nxd4 Bxd4 18. Bxd4 cxd4 19. f4 e5 20. Rc1 Bd7 21. h4 Rbc8 22. Kh2 Rc5 23. fxe5 dxe5 24. Rf6 a5 25. Rd6 Bg4 26. Rc2 Ra8 27. Rf2 a4 28. Rb6 axb3 29. axb3 Ra3 30. Rxb4 Bd1 31. Rb8+ Kg7 32. Rb7 Rxb3 33. Rfxf7+ Kg8 34. Rg7+ Kf8 35. Rbf7+ Ke8 36. Bh3 Rb2+ 37. Kg1 Be2 38. Be6 1-0

[Event "SVK-chT3A2 1314"]
[Site "Slovakia"]
[Date "2013.12.15"]
[Round "5.5"]
[White "Markuliak, Mario"]
[Black "Palka, Miroslav"]
[Result "0-1"]
[WhiteElo "1819"]
[BlackElo "1924"]
[PlyCount "144"]
[EventDate "2013.10.13"]
[EventType "team-tourn"]
[EventRounds "11"]
[EventCountry "SVK"]
[SourceTitle "EXT 2015"]
[Source "ChessBase"]
[SourceDate "2014.11.20"]
[SourceVersion "1"]
[SourceVersionDate "2014.11.20"]
[SourceQuality "1"]
[WhiteTeam "Cifer"]
[BlackTeam "Senica SK"]
[WhiteTeamCountry "SVK"]
[BlackTeamCountry "SVK"]

1. c4 c5 2. Nf3 g6 3. g3 Bg7 4. Bg2 Nc6 5. Nc3 Nf6 6. 0-0 0-0 7. d4 cxd4 8. Nxd4 Nxd4 9. Qxd4 d6 10. e4 Be6 11. Qd3 Rc8 12. b3 Nd7 13. Rb1 a6 14. Be3 b5 15. Nd5 bxc4 16. bxc4 Ne5 17. Qe2 Nxc4 18. Rb7 Bxd5 19. exd5 Nxe3 20. Qxe3 Rc7 21. Rfb1 Qd7 22. Qa7 Rxb7 23. Rxb7 Qa4 24. Bf1 Qxa2 25. Qxa6 Qxa6 26. Bxa6 Ra8 27. Bb5 Kf8 28. Kg2 Bd4 29. Be2 Ra5 30. Rb5 Ra2 31. Kf3 Bc5 32. Rb3 Kg7 33. g4 Kf6 34. h4 h6 35. Rb1 Ke5 36. Rd1 Ra4 37. Kg3 f5 38. f3 f4+ 39. Kg2 Bd4 40. Bd3 g5 41. hxg5 Ra2+ 42. Kh3 hxg5 43. Re1+ Be3 44. Bc4 Rc2 45. Bd3 Rd2 46. Bc4 Rf2 47. Rf1 Rxf1 48. Bxf1 Kxd5 49. Kg2 Kd4 50. Bb5 d5 51. Kf1 e5 52. Ke2 e4 53. Ba6 Bc1 54. Bb7 Ba3 55. Bc6 Bc5 56. Bb7 Bb4 57. Bc6 exf3+ 58. Kxf3 Kc4 59. Ke2 d4 60. Be4 Kc3 61. Bf5 Bc5 62. Be4 Bb6 63. Bf5 d3+ 64. Kd1 Kd4 65. Kd2 Ba5+ 66. Kd1 Ke3 67. Bd7 f3 68. Bc6 Kf4 69. Bb5 Ke3 70. Bc6 Kf2 71. Be4 d2 72. Bd3 Kg1 0-1

[Event "SVK-chT3A2 1011"]
[Site "Slovakia"]
[Date "2011.02.13"]
[Round "8.6"]
[White "Markuliak, Mario"]
[Black "Mackovic, Miroslav"]
[Result "1/2-1/2"]
[WhiteElo "1864"]
[BlackElo "1915"]
[PlyCount "51"]
[EventDate "2010.10.17"]
[EventType "team-tourn"]
[EventRounds "11"]
[EventCountry "SVK"]
[SourceTitle "EXT 2019"]
[Source "ChessBase"]
[SourceDate "2018.10.10"]
[SourceVersion "1"]
[SourceVersionDate "2018.10.10"]
[SourceQuality "1"]
[WhiteTeam "Cífer"]
[BlackTeam "Trnava Modranka"]
[WhiteTeamCountry "SVK"]
[BlackTeamCountry "SVK"]

1. c4 Nf6 2. Nc3 g6 3. g3 Bg7 4. Bg2 0-0 5. Nf3 Nc6 6. 0-0 Rb8 7. Rb1 a6 8. b4 b5 9. c5 d5 10. cxd6 cxd6 11. d3 Qc7 12. Bd2 d5 13. Rc1 Qd7 14. Bf4 Rb7 15. Ne5 Nxe5 16. Bxe5 e6 17. Nb1 Ne8 18. Bxg7 Kxg7 19. Nd2 Rc7 20. Nb3 Qd6 21. Rc5 f5 22. Qa1+ Kg8 23. Rfc1 Rff7 24. Qc3 Bb7 25. Na5 Ba8 26. Qb2 1/2-1/2

[Event "Piestany op"]
[Site "Piestany"]
[Date "2010.11.15"]
[Round "1"]
[White "Markuliak, Mario"]
[Black "Kovacik, Emil"]
[Result "0-1"]
[WhiteElo "1864"]
[BlackElo "2232"]
[PlyCount "96"]
[EventDate "2010.11.15"]
[EventType "swiss"]
[EventRounds "9"]
[EventCountry "SVK"]
[SourceTitle "EXT 2023"]
[Source "ChessBase"]
[SourceDate "2022.10.05"]
[SourceVersion "1"]
[SourceVersionDate "2022.10.05"]
[SourceQuality "1"]

1. e4 c5 2. c4 Nc6 3. Nf3 e5 4. Nc3 g6 5. d3 d6 6. Be2 Bg7 7. 0-0 Nge7 8. Nd2 0-0 9. Nb3 Nd4 10. Nxd4 cxd4 11. Nd5 Nxd5 12. cxd5 f5 13. f4 Qe7 14. fxe5 dxe5 15. Qb3 f4 16. Bd2 Rf6 17. Rac1 Rb6 18. Qc2 Bf8 19. b3 Bd7 20. Qb2 Qe8 21. g3 g5 22. gxf4 gxf4 23. Kh1 Qf7 24. Rg1+ Kh8 25. Bf3 Bd6 26. Rg5 Rg8 27. Rcg1 Rxg5 28. Rxg5 Qf6 29. Rg1 Be7 30. Ba5 Ra6 31. Bc7 Be8 32. Qg2 Bg6 33. Bh5 Bd6 34. Bxd6 Rxd6 35. Bxg6 hxg6 36. Qh3+ Kg7 37. Qf3 Rd7 38. Rc1 Qh4 39. a4 g5 40. h3 Kf6 41. Qg4 Qxg4 42. hxg4 Rh7+ 43. Kg2 Rh4 44. Kf3 Rh3+ 45. Ke2 Rh2+ 46. Kf3 Rd2 47. b4 Rxd3+ 48. Ke2 Rb3 0-1

[Event "SVK-chT3A2 1011"]
[Site "Slovakia"]
[Date "2010.11.14"]
[Round "3.6"]
[White "Bjel, Jan"]
[Black "Markuliak, Mario"]
[Result "1/2-1/2"]
[WhiteElo "1883"]
[BlackElo "1864"]
[PlyCount "67"]
[EventDate "2010.10.17"]
[EventType "team-tourn"]
[EventRounds "11"]
[EventCountry "SVK"]
[SourceTitle "EXT 2012"]
[Source "ChessBase"]
[SourceDate "2011.11.24"]
[SourceVersion "1"]
[SourceVersionDate "2011.11.24"]
[SourceQuality "1"]
[WhiteTeam "Vrbove"]
[BlackTeam "Cífer"]
[WhiteTeamCountry "SVK"]
[BlackTeamCountry "SVK"]

1. d4 Nf6 2. c4 g6 3. Nf3 Bg7 4. Nc3 d5 5. cxd5 Nxd5 6. e4 Nxc3 7. bxc3 c5 8. Bb5+ Bd7 9. Bxd7+ Nxd7 10. 0-0 0-0 11. Be3 Qa5 12. Qb3 cxd4 13. cxd4 b6 14. Rac1 Rac8 15. Rc4 Qa6 16. Rfc1 Qb7 17. e5 e6 18. Qc2 Rxc4 19. Qxc4 b5 20. Qc7 Rb8 21. Nd2 Nb6 22. Qxb7 Rxb7 23. Kf1 Bf8 24. Ke2 Nd5 25. Rc8 Kg7 26. Ne4 Be7 27. Bg5 Bxg5 28. Nxg5 b4 29. Ne4 Nc3+ 30. Nxc3 bxc3 31. Rxc3 Rb2+ 32. Ke3 Rxa2 33. Rc7 Ra1 34. g3 1/2-1/2